Housing market healthcheck (Record no. 65106)

MARC details
000 -LEADER
fixed length control field 01419cam a2200265 4500
001 - CONTROL NUMBER
control field ABS63024
008 - FIXED-LENGTH DATA ELEMENTS--GENERAL INFORMATION
fixed length control field 000000n2000 000 0 eng u
035 ## - SYSTEM CONTROL NUMBER
System control number (Sirsi) u109015
100 ## - MAIN ENTRY--PERSONAL NAME
Personal name Birch, J.
245 ## - TITLE STATEMENT
Title Housing market healthcheck
260 ## - PUBLICATION, DISTRIBUTION, ETC.
Date of publication, distribution, etc. 2000
490 ## - SERIES STATEMENT
Series statement Roof
Volume/sequential designation 25(6) November/December 2000, 28-31(4)
520 ## - SUMMARY, ETC.
Summary, etc. Looks at the current state of the housing market, and whether there is a threat of a repeat of the boom and bust of 1989-1992. Conducts a stability test by analysing a number of factors including: affordability; mortgage costs; market activity; high-risk borrowers; repossessions; house prices and devolution. Notes that house price inflation has been checked, and argues that most other market indicators point to stability. Suggests stability has been encouraged by the government switching from a policy of subsidising the housing market to taxing it. However, warns that external events, like a stock market crash, could still generate an economic downturn that would lead to a widespread fall in house prices. Graphs and tables.
590 ## - LOCAL NOTE (RLIN)
Local note ABS
650 ## - SUBJECT ADDED ENTRY--TOPICAL TERM
Topical term or geographic name entry element STABILITY
650 ## - SUBJECT ADDED ENTRY--TOPICAL TERM
Topical term or geographic name entry element ANALYSIS
650 ## - SUBJECT ADDED ENTRY--TOPICAL TERM
Topical term or geographic name entry element FORECASTS
650 ## - SUBJECT ADDED ENTRY--TOPICAL TERM
Topical term or geographic name entry element HOUSE PRICES
650 ## - SUBJECT ADDED ENTRY--TOPICAL TERM
Topical term or geographic name entry element PROPERTY CYCLES
650 ## - SUBJECT ADDED ENTRY--TOPICAL TERM
Topical term or geographic name entry element HOUSING MARKET INDICATORS
650 ## - SUBJECT ADDED ENTRY--TOPICAL TERM
Topical term or geographic name entry element AFFORDABILITY
650 ## - SUBJECT ADDED ENTRY--TOPICAL TERM
Topical term or geographic name entry element REPOSSESSIONS
690 ## - LOCAL SUBJECT ADDED ENTRY--TOPICAL TERM (OCLC, RLIN)
Topical term or geographic name as entry element PROPERTY-RESIDENTIAL PROPERTY-RESIDENTIAL PROPERTY MARKET
942 ## - ADDED ENTRY ELEMENTS (KOHA)
Suppress in OPAC 0
Holdings
Withdrawn status Lost status Source of classification or shelving scheme Damaged status Not for loan Home library Current library Shelving location Date acquired Total Checkouts Full call number Barcode Date last seen Copy number Price effective from Koha item type
    Dewey Decimal Classification     London London Journal article 27/10/2000   ABS63024 109015-1001 06/08/2019 1 06/08/2019 Journal article